[Event "SK Doppelbauer Kiel-USV Potsdam"]
[Site "Greifswald"]
[Date "2013.09.13"]
[Round "4.1"]
[White "Eichstädt, Mirko"]
[Black "Beeck, Mats"]
[Result "0-1"]
[WhiteElo "1954"]
[BlackElo "1839"]
[PlyCount "126"]
[EventDate "2013.??.??"]
[WhiteTeam "USV Potsdam"]
[BlackTeam "SK Doppelbauer Kiel"]

1. d4 Nf6 2. Nf3 g6 3. g3 Bg7 4. Bg2 O-O 5. O-O d6 6. c4 a6 7. Nc3 Nc6 8. Qc2
Bd7 9. a3 Rb8 10. b4 b5 11. d5 Na7 12. Nd2 c5 13. Bb2 Qc8 14. bxc5 Qxc5 15.
Rfc1 Rfc8 16. Rab1 bxc4 17. e3 e6 18. Nce4 Nxe4 19. Nxe4 Qc7 20. Bxg7 Rxb1 21.
Qxb1 Kxg7 22. Qb2+ e5 23. Qb4 f5 24. Nxd6 a5 25. Qb7 Qxd6 26. Qxa7 Qc7 27. Qxc7
Rxc7 28. Rc3 Kf6 29. f3 Ke7 30. Bf1 Bb5 31. e4 Kd6 32. Kf2 Rf7 33. a4 Ba6 34.
Bxc4 Rc7 35. Bxa6 Rxc3 36. h4 Rc2+ 37. Ke3 Rg2 38. exf5 gxf5 39. Bd3 Rxg3 40.
Bxf5 Kxd5 41. Bxh7 Rh3 42. Be4+ Kc5 43. Bf5 Rxh4 44. Bg4 Rh1 45. Bd7 Re1+ 46.
Kd2 Ra1 47. Ke3 Re1+ 48. Kd2 Rb1 49. Ke3 Rb4 50. Be8 Rd4 51. Bb5 Kb4 52. Be8
Kb3 53. Bb5 Rxa4 54. Bxa4+ Kxa4 55. Ke4 Kb5 56. Kxe5 a4 57. f4 a3 58. f5 a2 59.
f6 a1=Q+ 60. Ke6 Qe1+ 61. Kf7 Kc6 62. Kg7 Qg3+ 63. Kh6 Kd7 0-1

[Event "SK Doppelbauer Kiel-USV Potsdam"]
[Site "Greifswald"]
[Date "2013.09.13"]
[Round "4.2"]
[White "Pluska, Alexander"]
[Black "Cech, Tim"]
[Result "1/2-1/2"]
[WhiteElo "1867"]
[BlackElo "1803"]
[PlyCount "48"]
[EventDate "2013.??.??"]
[WhiteTeam "SK Doppelbauer Kiel"]
[BlackTeam "USV Potsdam"]

1. d4 Nf6 2. c4 e6 3. Nf3 Bb4+ 4. Bd2 c5 5. g3 O-O 6. Bg2 d5 7. cxd5 exd5 8.
O-O Nc6 9. Bg5 h6 10. Bf4 c4 11. Nc3 Bf5 12. Ne5 Bxc3 13. Nxc6 bxc6 14. bxc3
Ne4 15. Qe1 Qa5 16. f3 Nf6 17. e4 Rfe8 18. Be5 Bg6 19. Bxf6 gxf6 20. Rf2 f5 21.
e5 Rab8 22. Qc1 Kg7 23. Rb2 Rb6 24. Rxb6 axb6 1/2-1/2

[Event "SK Doppelbauer Kiel-USV Potsdam"]
[Site "Greifswald"]
[Date "2013.09.13"]
[Round "4.4"]
[White "Petersen, Finn Christopher"]
[Black "Ender, Paul Marius"]
[Result "1/2-1/2"]
[WhiteElo "1573"]
[BlackElo "1519"]
[PlyCount "26"]
[EventDate "2013.??.??"]
[WhiteTeam "SK Doppelbauer Kiel"]
[BlackTeam "USV Potsdam"]

1. e4 e5 2. Nf3 d6 3. d4 exd4 4. Nxd4 Nf6 5. Nc3 Be7 6. Bd3 O-O 7. O-O Re8 8.
Bg5 Nbd7 9. Re1 Nc5 10. f3 h6 11. Be3 Nfd7 12. Qd2 Bf6 13. Bc4 Nb6 1/2-1/2

[Event "Stader SV-Königsspr. Hamburg"]
[Site "Greifswald"]
[Date "2013.09.13"]
[Round "4.1"]
[White "Spät, Alexander"]
[Black "Vöge, Tobias"]
[Result "1/2-1/2"]
[WhiteElo "2019"]
[BlackElo "2043"]
[PlyCount "118"]
[EventDate "2013.??.??"]
[WhiteTeam "Königsspr. Hamburg"]
[BlackTeam "Stader SV"]

1. e4 c5 2. Nf3 Nc6 3. Bb5 g6 4. Bxc6 bxc6 5. O-O Bg7 6. Re1 Nf6 7. e5 Nd5 8.
c4 Nc7 9. d4 cxd4 10. Qxd4 O-O 11. Qh4 Ne6 12. Bh6 f6 13. Bxg7 Kxg7 14. Nc3
fxe5 15. Nxe5 Rf4 16. Qg3 Qf8 17. Rad1 d6 18. Nxc6 Rxc4 19. Na5 Rc5 20. b4 Rg5
21. Qh4 Qf6 22. Qe4 Qxc3 23. Qxa8 Nf4 24. Rxe7+ Kh6 25. Qxa7 Rxg2+ 26. Kf1 Ba6+
27. Qxa6 Qf3 28. Rxh7+ Kxh7 29. Qb7+ Qxb7 30. Nxb7 Rxh2 31. Ke1 Ng2+ 32. Ke2
Rh4 33. b5 Ra4 34. Rd2 Nf4+ 35. Ke3 Ng2+ 36. Kd3 d5 37. Nc5 Rb4 38. a4 Nf4+ 39.
Ke3 g5 40. Nd3 Re4+ 41. Kf3 Rxa4 42. Nxf4 Rxf4+ 43. Kg3 Rb4 44. Rxd5 Kg6 45.
Kf3 Kf6 46. Ke3 g4 47. Kd3 Ke6 48. Rh5 Kd6 49. Rh6+ Kc7 50. b6+ Kb7 51. Rg6 Rf4
52. Ke3 Rf3+ 53. Ke2 Rf4 54. Kf1 Ka6 55. Kg2 Kb7 56. Re6 Ka6 57. Kg3 Rf3+ 58.
Kg2 Rf4 59. Rg6 Kb7 1/2-1/2

[Event "Stader SV-Königsspr. Hamburg"]
[Site "Greifswald"]
[Date "2013.09.13"]
[Round "4.2"]
[White "Hammann, Jonas"]
[Black "Pfreundt, Jakob"]
[Result "0-1"]
[WhiteElo "1859"]
[BlackElo "1903"]
[PlyCount "140"]
[EventDate "2013.??.??"]
[WhiteTeam "Stader SV"]
[BlackTeam "Königsspr. Hamburg"]

1. d4 Nf6 2. c4 e6 3. Nf3 b6 4. Nc3 Bb7 5. Bg5 Bb4 6. e3 O-O 7. Bd3 d6 8. Qc2
h6 9. Bh4 Nbd7 10. O-O Bxc3 11. Qxc3 Re8 12. Rfe1 e5 13. Nd2 Qe7 14. f3 Qf8 15.
Qc2 exd4 16. exd4 Rxe1+ 17. Rxe1 Re8 18. Be4 c6 19. a3 Re6 20. Qd1 Qe8 21. Kf1
d5 22. cxd5 Ba6+ 23. Kf2 Nxd5 24. Bxd5 cxd5 25. Nb1 f5 26. Bg3 g5 27. Bc7 Kf7
28. Nc3 Rxe1 29. Qxe1 Qxe1+ 30. Kxe1 Ke6 31. Kd2 Bc4 32. g3 h5 33. Bd8 g4 34.
fxg4 fxg4 35. Ke3 Kf5 36. Be7 Nb8 37. Bd6 Nc6 38. b4 b5 39. Bc7 a6 40. Nd1 Ne7
41. Nc3 Ng6 42. Bd8 Nf8 43. Nd1 Ng6 44. Nc3 Nh8 45. Nd1 Nf7 46. Be7 Ke6 47. Bh4
Nd6 48. Nc3 Nf5+ 49. Kf4 Nxd4 50. Kg5 Nf3+ 51. Kxh5 Nxh2 52. Kg5 d4 53. Ne4 Ke5
54. Nf2 d3 55. Kh5 Kd4 56. Bg5 Kc3 57. Bc1 Kc2 58. Bf4 d2 59. Bxd2 Kxd2 60.
Ne4+ Ke3 61. Nc5 Kf3 62. Kh4 Nf1 63. Nd7 Be2 64. Ne5+ Ke4 65. Nc6 Ne3 66. Nb8
Nf5+ 67. Kg5 Nxg3 68. Nxa6 Nh1 69. Nc5+ Ke3 70. a4 g3 0-1

[Event "Stader SV-Königsspr. Hamburg"]
[Site "Greifswald"]
[Date "2013.09.13"]
[Round "4.3"]
[White "Lemke, Berfin"]
[Black "Dittmann, Tobias"]
[Result "0-1"]
[WhiteElo "1695"]
[BlackElo "1605"]
[PlyCount "122"]
[EventDate "2013.??.??"]
[WhiteTeam "Königsspr. Hamburg"]
[BlackTeam "Stader SV"]

1. e4 e6 2. d3 d5 3. Nd2 Nf6 4. Ngf3 dxe4 5. dxe4 Be7 6. Bd3 Nbd7 7. c3 Nc5 8.
Bc2 Nd3+ 9. Bxd3 Qxd3 10. Qe2 Qxe2+ 11. Kxe2 Bd7 12. Ne5 Rd8 13. f3 Bc8 14. Nb3
Nd7 15. Bf4 Bd6 16. Nd3 Bxf4 17. Nxf4 Ke7 18. Rad1 Ne5 19. Rd4 Nc6 20. Rd2
Rxd2+ 21. Nxd2 b6 22. Rd1 Ba6+ 23. c4 Nd4+ 24. Ke1 Rd8 25. Rc1 c5 26. Nf1 Nc6
27. Ke2 Nd4+ 28. Ke3 f6 29. h4 Nc6 30. Nd2 Ne5 31. Rc3 Rd7 32. Ke2 g6 33. Ke3
f5 34. exf5 gxf5 35. h5 Kf6 36. Nh3 Rg7 37. Kf2 Rd7 38. Ke3 Bb7 39. Ke2 Bc6 40.
Nf1 Rg7 41. Kf2 Be8 42. Ng3 Rd7 43. Ke3 Rd4 44. b3 a5 45. Nf4 Rd6 46. Rc1 a4
47. Nge2 Rd8 48. Nc3 axb3 49. axb3 Nc6 50. g4 Nd4 51. Rb1 Bc6 52. Rf1 Nxb3 53.
Nd3 Nd4 54. Ne1 Ra8 55. Kd2 f4 56. Ne4+ Bxe4 57. fxe4 Ra2+ 58. Kd3 e5 59. Rg1
Kg5 60. Ng2 Ra3+ 61. Kd2 Nf3+ 0-1

[Event "Stader SV-Königsspr. Hamburg"]
[Site "Greifswald"]
[Date "2013.09.13"]
[Round "4.4"]
[White "Kragge, Jan"]
[Black "Samm, Bastian"]
[Result "1-0"]
[WhiteElo "1397"]
[BlackElo "1417"]
[PlyCount "41"]
[EventDate "2013.??.??"]
[WhiteTeam "Stader SV"]
[BlackTeam "Königsspr. Hamburg"]

1. e4 c5 2. d4 cxd4 3. Nf3 e5 4. Bc4 Nc6 5. Ng5 Bb4+ 6. c3 dxc3 7. bxc3 Qa5 8.
Bxf7+ Ke7 9. Ba3 Bxa3 10. Qb3 Bc1 11. Bxg8 Bxg5 12. Qf7+ Kd6 13. Qxg7 Rxg8 14.
Qxg8 Bc1 15. O-O Bb2 16. Nd2 Qxc3 17. Nc4+ Kc7 18. Rad1 b5 19. Ne3 Bb7 20. Nd5+
Kd6 21. Nxc3+ 1-0

[Event "SV Merseburg-Hamburger SK"]
[Site "Greifswald"]
[Date "2013.09.13"]
[Round "4.1"]
[White "Kramer, Julian"]
[Black "Knopf, Felix"]
[Result "0-1"]
[WhiteElo "2137"]
[BlackElo "1968"]
[PlyCount "47"]
[EventDate "2013.??.??"]
[WhiteTeam "Hamburger SK"]
[BlackTeam "SV Merseburg"]

1. e4 c5 2. Nf3 d6 3. d4 cxd4 4. Nxd4 Nf6 5. Nc3 a6 6. Be3 e6 7. Qd2 b5 8. f3
Bb7 9. g4 Qc7 10. g5 Nfd7 11. O-O-O Ne5 12. f4 b4 13. Nd5 exd5 14. exd5 Bxd5
15. fxe5 Bxh1 16. exd6 Bxd6 17. Nf5 Be5 18. Bc5 Nd7 19. Bd6 Bxd6 20. Nxd6+ Kf8
21. Qf4 Nb6 22. Bh3 Bd5 23. Qxb4 a5 24. Qa3 0-1

[Event "SV Merseburg-Hamburger SK"]
[Site "Greifswald"]
[Date "2013.09.13"]
[Round "4.2"]
[White "Hoffmann, Dustin"]
[Black "Hinrichs, Lars"]
[Result "1/2-1/2"]
[WhiteElo "1754"]
[BlackElo "2068"]
[PlyCount "85"]
[EventDate "2013.??.??"]
[WhiteTeam "SV Merseburg"]
[BlackTeam "Hamburger SK"]

1. e4 c5 2. Nf3 Nf6 3. Nc3 d5 4. exd5 Nxd5 5. Bc4 e6 6. O-O Be7 7. Ne2 a6 8. a4
b6 9. d4 Bb7 10. c3 Nd7 11. Qd3 Qc7 12. Re1 h6 13. Ng3 cxd4 14. Qxd4 Bf6 15.
Qg4 h5 16. Nxh5 Rxh5 17. Qxh5 Qxc4 18. Rxe6+ Ne7 19. Qh8+ Nf8 20. Rxf6 gxf6 21.
Bh6 Neg6 22. Re1+ Kd7 23. Qxf6 Kc7 24. Ne5 Qd5 25. Qxf7+ Qxf7 26. Nxf7 Nd7 27.
f4 Bd5 28. Ne5 Ndxe5 29. fxe5 Re8 30. Kf2 Rxe5 31. Rxe5 Nxe5 32. Bf4 Kd6 33.
Ke3 Ke6 34. Bxe5 Kxe5 35. g3 a5 36. h4 Bb3 37. g4 Bxa4 38. h5 Bd1 39. h6 Kf6
40. g5+ Kg6 41. Kd3 b5 42. Kd4 a4 43. Kc5 1/2-1/2

[Event "SV Merseburg-Hamburger SK"]
[Site "Greifswald"]
[Date "2013.09.13"]
[Round "4.3"]
[White "Rogozenco, Teodora"]
[Black "Le Hong, Quang Anh"]
[Result "1-0"]
[WhiteElo "1921"]
[BlackElo "1538"]
[PlyCount "43"]
[EventDate "2013.??.??"]
[WhiteTeam "Hamburger SK"]
[BlackTeam "SV Merseburg"]

1. d4 Nf6 2. Nf3 e6 3. Bg5 d5 4. Nbd2 Nbd7 5. e3 Be7 6. Bd3 c5 7. c3 O-O 8. O-O
Re8 9. Qc2 cxd4 10. cxd4 Bd6 11. Bxh7+ Kh8 12. Bd3 e5 13. dxe5 Nxe5 14. Nxe5
Bxe5 15. Nf3 Bd6 16. Qa4 Be6 17. Qh4+ Kg8 18. Nd4 Rc8 19. f4 Bg4 20. Bxf6 Qxf6
21. Qxg4 Rxe3 22. Qxc8+ 1-0

[Event "SV Merseburg-Hamburger SK"]
[Site "Greifswald"]
[Date "2013.09.13"]
[Round "4.4"]
[White "Handke, Moritz"]
[Black "Elbracht, Michael"]
[Result "0-1"]
[WhiteElo "1485"]
[BlackElo "1772"]
[PlyCount "50"]
[EventDate "2013.??.??"]
[WhiteTeam "SV Merseburg"]
[BlackTeam "Hamburger SK"]

1. Nf3 Nf6 2. d4 g6 3. Bf4 Bg7 4. Nc3 d6 5. e4 O-O 6. Qd2 Nbd7 7. Bc4 c5 8.
O-O-O cxd4 9. Ne2 Nxe4 10. Qe1 Nef6 11. h4 e5 12. Bg5 h6 13. h5 gxh5 14. Bd2
Qc7 15. Bb3 Nc5 16. Kb1 Nxb3 17. cxb3 Bf5+ 18. Ka1 Rfc8 19. Rc1 Qd7 20. Ng3 Bg6
21. Nh4 Rxc1+ 22. Bxc1 Rc8 23. Nxg6 fxg6 24. Ne4 Nxe4 25. Qxe4 Qc6 0-1

[Event "SK Wildeshausen-Treptower SV"]
[Site "Greifswald"]
[Date "2013.09.13"]
[Round "4.1"]
[White "Pixa, Richard"]
[Black "Grigorian, Spartak"]
[Result "0-1"]
[WhiteElo "1993"]
[BlackElo "2155"]
[PlyCount "110"]
[EventDate "2013.??.??"]
[WhiteTeam "Treptower SV"]
[BlackTeam "SK Wildeshausen"]

1. d4 Nf6 2. c4 e6 3. Nc3 Bb4 4. Qc2 O-O 5. e4 d5 6. e5 Ne4 7. Bd3 c5 8. Nge2
cxd4 9. Nxd4 Nc5 10. a3 Bxc3+ 11. bxc3 Nxd3+ 12. Qxd3 Qc7 13. Qg3 Nc6 14. Nxc6
bxc6 15. a4 Ba6 16. Ba3 c5 17. cxd5 exd5 18. f4 f6 19. e6 Qc6 20. Kf2 Qxe6 21.
Rhe1 Qd6 22. f5 Qd7 23. Bxc5 Qxf5+ 24. Qf3 Qxf3+ 25. Kxf3 Rfc8 26. Bd4 Kf7 27.
Re3 Re8 28. Rae1 Rxe3+ 29. Rxe3 Bc8 30. Bc5 Be6 31. a5 a6 32. h4 Rc8 33. Bd4 h5
34. Re1 Bf5 35. g3 Rc4 36. Ra1 Rc8 37. Kf2 Rb8 38. Bb6 Rc8 39. Bd4 Be4 40. Ra4
Bd3 41. Rb4 Kg6 42. Ke3 Bc4 43. Kf4 Re8 44. Be3 Be2 45. Rd4 Re5 46. Bg1 Bg4 47.
c4 dxc4 48. Rxc4 Rxa5 49. Bb6 Re5 50. Rc5 Re6 51. Bc7 Kh6 52. Bd8 Re8 53. Rd5
a5 54. Rd6 a4 55. Bxf6 Rf8 0-1

[Event "SK Wildeshausen-Treptower SV"]
[Site "Greifswald"]
[Date "2013.09.13"]
[Round "4.2"]
[White "Finke, Maurice"]
[Black "Klodt, Daniel"]
[Result "1-0"]
[WhiteElo "1912"]
[BlackElo "1752"]
[PlyCount "95"]
[EventDate "2013.??.??"]
[WhiteTeam "SK Wildeshausen"]
[BlackTeam "Treptower SV"]

1. d4 d5 2. c4 e6 3. Nc3 Nf6 4. cxd5 exd5 5. Bg5 Be7 6. e3 Bf5 7. Bxf6 Bxf6 8.
Qb3 Bc8 9. Nxd5 Nd7 10. Nf3 c6 11. Nxf6+ Nxf6 12. Bc4 O-O 13. O-O Qb6 14. Qxb6
axb6 15. Rfe1 Bf5 16. a3 Rfe8 17. Ne5 Be6 18. Bxe6 Rxe6 19. Nc4 b5 20. Nd2 Rd8
21. Nb3 Re7 22. a4 bxa4 23. Rxa4 Kf8 24. Rea1 Ne4 25. Ra8 Rxa8 26. Rxa8+ Re8
27. Rxe8+ Kxe8 28. Kf1 Ke7 29. Ke2 b6 30. f3 Nd6 31. Kd3 f5 32. e4 fxe4+ 33.
fxe4 Ke6 34. Nd2 b5 35. e5 Nf5 36. Ke4 Ne7 37. Nb3 g6 38. Nc5+ Kf7 39. g4 h6
40. h4 Nd5 41. Nb7 Ke7 42. h5 gxh5 43. gxh5 b4 44. Na5 Kd7 45. Kf5 Ne3+ 46. Kg6
Ng4 47. Kf7 c5 48. e6+ 1-0

[Event "SK Wildeshausen-Treptower SV"]
[Site "Greifswald"]
[Date "2013.09.13"]
[Round "4.3"]
[White "Hesse, Henrik"]
[Black "Ngo, Minh Duc"]
[Result "0-1"]
[WhiteElo "1512"]
[BlackElo "1924"]
[PlyCount "86"]
[EventDate "2013.??.??"]
[WhiteTeam "Treptower SV"]
[BlackTeam "SK Wildeshausen"]

1. e4 c5 2. Nf3 Nc6 3. Nc3 g6 4. d4 cxd4 5. Nxd4 Bg7 6. Be3 Nf6 7. Be2 O-O 8.
O-O d6 9. f3 Qb6 10. Qd2 Nxd4 11. Qxd4 Qxb2 12. Rab1 Qa3 13. Rb3 Qa5 14. Qd2
Qd8 15. Rd1 b6 16. Bc4 Bb7 17. Nb5 Nd7 18. Ra3 a6 19. Nd4 b5 20. Bd5 Bxd5 21.
exd5 Ne5 22. Nc6 Nxc6 23. dxc6 Qc7 24. Qd5 Rfc8 25. Qe4 Kf8 26. Qh4 Kg8 27. Rd2
Bf6 28. Bg5 Qxc6 29. Bxf6 Qc5+ 30. Qd4 Qxa3 31. Bxe7 Qc1+ 32. Kf2 Rxc2 33. Rxc2
Qxc2+ 34. Kg3 Qc5 35. Qf4 Qe5 36. Bxd6 Qxf4+ 37. Kxf4 a5 38. Bc5 Rb8 39. Ke5 b4
40. Ke4 a4 41. Bd4 b3 42. axb3 axb3 43. Bb2 Rc8 0-1

[Event "SK Wildeshausen-Treptower SV"]
[Site "Greifswald"]
[Date "2013.09.13"]
[Round "4.4"]
[White "Schumann, Steffen"]
[Black "Klodt, Nicolas"]
[Result "1-0"]
[WhiteElo "1793"]
[BlackElo "1590"]
[PlyCount "141"]
[EventDate "2013.??.??"]
[WhiteTeam "SK Wildeshausen"]
[BlackTeam "Treptower SV"]

1. e4 e5 2. Nf3 Nc6 3. Bb5 Nf6 4. O-O d6 5. Re1 Bd7 6. c3 Be7 7. d4 O-O 8. Ba4
Re8 9. Nbd2 a6 10. Nf1 h6 11. Bc2 Bg4 12. Ne3 Bxf3 13. gxf3 Bf8 14. Nf5 Ne7 15.
Nxe7+ Bxe7 16. f4 Nd7 17. Qg4 Kh8 18. fxe5 dxe5 19. f4 exd4 20. cxd4 Bb4 21.
Re3 Nf6 22. Qf5 g6 23. Qh3 Nh5 24. a3 Bf8 25. Rc3 Bg7 26. Be3 Bxd4 27. Rc4
Bxe3+ 28. Qxe3 Kg8 29. f5 Kh7 30. fxg6+ fxg6 31. Rd1 Qe7 32. Rcd4 Rad8 33. Ba4
b5 34. Bb3 Rxd4 35. Rxd4 Rd8 36. Rxd8 Qxd8 37. Qc5 Nf4 38. Bc2 Nh3+ 39. Kh1 Qd6
40. Qe3 Ng5 41. Kg2 Qf6 42. b3 Qe6 43. Qg3 Qd6 44. Qxd6 cxd6 45. Kf2 Kg7 46.
Ke3 Kf6 47. Kd4 Ke6 48. Kc3 Ke5 49. Kb4 Nxe4 50. Ka5 d5 51. Kxa6 Nc3 52. Bxg6
d4 53. Bd3 Kf4 54. Ka5 Ke3 55. Bg6 d3 56. Kb4 d2 57. Bc2 Kd4 58. h3 h5 59. h4
d1=Q 60. Bxd1 Nxd1 61. Kxb5 Kd5 62. a4 Nc3+ 63. Kb6 Kd6 64. a5 Nd5+ 65. Kb5
Nc3+ 66. Kb6 Nd5+ 67. Kb7 Kc5 68. a6 Kb5 69. a7 Nb6 70. b4 Kxb4 71. Kxb6 1-0

[Event "USC Magdeburg-Schachunion Berlin"]
[Site "Greifswald"]
[Date "2013.09.13"]
[Round "4.1"]
[White "Geldner, Gerrit"]
[Black "Nguyen Manh, Hoang"]
[Result "1/2-1/2"]
[WhiteElo "1788"]
[BlackElo "1760"]
[PlyCount "119"]
[EventDate "2013.??.??"]
[WhiteTeam "Schachunion Berlin"]
[BlackTeam "USC Magdeburg"]

1. c4 e5 2. Nc3 Nc6 3. d3 Bb4 4. Bd2 Nf6 5. Nf3 O-O 6. a3 Be7 7. e4 d6 8. h3
Ne8 9. Nd5 f5 10. Be2 Nf6 11. Qc2 Nd4 12. Nxd4 exd4 13. Bf3 c6 14. Nxf6+ Rxf6
15. O-O Qe8 16. Qd1 Be6 17. Qe2 Qd7 18. Bg5 Rf7 19. Bxe7 Rxe7 20. Rae1 Rae8 21.
Qd2 fxe4 22. Bxe4 Bxc4 23. Bxh7+ Kxh7 24. dxc4 Rxe1 25. Rxe1 Rxe1+ 26. Qxe1 c5
27. Qe4+ Kg8 28. Qd5+ Kf8 29. f4 Ke7 30. Qg5+ Ke8 31. Qg6+ Kd8 32. Qg5+ Kc7 33.
f5 Qf7 34. b3 Kc6 35. h4 b5 36. Qg6 Qe7 37. cxb5+ Kxb5 38. Qg3 c4 39. bxc4+
Kxc4 40. Kf1 Qf6 41. Qf4 Kd5 42. h5 Qf7 43. g4 Kc5 44. Qc1+ Kd5 45. h6 gxh6 46.
Qxh6 Ke5 47. Qe6+ Qxe6 48. fxe6 Kxe6 49. Ke2 Kf6 50. Kd3 Kg5 51. Kxd4 Kxg4 52.
Kd5 Kf5 53. Kxd6 a5 54. a4 Kf6 55. Kc6 Ke7 56. Kb6 Kd7 57. Kxa5 Kc7 58. Ka6 Kb8
59. a5 Ka8 60. Kb6 1/2-1/2

[Event "USC Magdeburg-Schachunion Berlin"]
[Site "Greifswald"]
[Date "2013.09.13"]
[Round "4.2"]
[White "Geue, Niklas"]
[Black "Torzinski, Nils"]
[Result "0-1"]
[WhiteElo "1699"]
[BlackElo "1803"]
[PlyCount "100"]
[EventDate "2013.??.??"]
[WhiteTeam "USC Magdeburg"]
[BlackTeam "Schachunion Berlin"]

1. e4 e5 2. Nf3 Nc6 3. Bb5 a6 4. Ba4 Nf6 5. O-O b5 6. Bb3 Be7 7. Re1 d6 8. c3
O-O 9. h3 Nb8 10. d4 Nbd7 11. Nbd2 c5 12. Nf1 Re8 13. Ng5 c4 14. Bc2 Bf8 15. f4
Bb7 16. Ng3 Qc7 17. Kh1 Rad8 18. fxe5 dxe5 19. d5 Nc5 20. Rf1 Bc8 21. Nh5 Ncd7
22. Be3 h6 23. Nxf6+ Nxf6 24. Nf3 Bd7 25. Qd2 a5 26. Nh4 Qd6 27. Nf5 Bxf5 28.
Rxf5 Kh7 29. Raf1 Be7 30. Qf2 Rf8 31. Bxh6 gxh6 32. Rxf6 Qxf6 33. Qxf6 Bxf6 34.
Rxf6 Kg7 35. Ra6 Ra8 36. Rc6 Rfc8 37. Rxc8 Rxc8 38. Bd1 b4 39. Kg1 bxc3 40.
bxc3 Rb8 41. Be2 Rb1+ 42. Kf2 Rb2 43. Kf1 Rxa2 44. Bxc4 Rc2 45. Bb5 Rxc3 46.
Kf2 Kf6 47. d6 Ke6 48. d7 Ke7 49. h4 Rc7 50. g4 Rxd7 0-1

[Event "USC Magdeburg-Schachunion Berlin"]
[Site "Greifswald"]
[Date "2013.09.13"]
[Round "4.3"]
[White "Lischeid, Kilian"]
[Black "Fahsel, Nico"]
[Result "1/2-1/2"]
[WhiteElo "1642"]
[BlackElo "1580"]
[PlyCount "50"]
[EventDate "2013.??.??"]
[WhiteTeam "Schachunion Berlin"]
[BlackTeam "USC Magdeburg"]

1. c4 e6 2. d4 d5 3. Nc3 Nf6 4. Bg5 Nbd7 5. Nf3 Be7 6. e3 O-O 7. Bd3 c5 8. cxd5
Nxd5 9. Bxe7 Qxe7 10. Nxd5 exd5 11. dxc5 Nxc5 12. O-O Bg4 13. Be2 Rfd8 14. Nd4
Bd7 15. Rc1 Rac8 16. Bg4 Bxg4 17. Qxg4 Qe4 18. Qxe4 dxe4 19. Rfd1 Nd3 20. Rxc8
Rxc8 21. b3 Rc1 22. Rxc1 Nxc1 23. a3 Kf8 24. f3 exf3 25. gxf3 g6 1/2-1/2

[Event "USC Magdeburg-Schachunion Berlin"]
[Site "Greifswald"]
[Date "2013.09.13"]
[Round "4.4"]
[White "Wiese, Tobias"]
[Black "Rau, Joshua"]
[Result "1/2-1/2"]
[WhiteElo "1314"]
[BlackElo "1461"]
[PlyCount "83"]
[EventDate "2013.??.??"]
[WhiteTeam "USC Magdeburg"]
[BlackTeam "Schachunion Berlin"]

1. d4 d5 2. c4 e6 3. Nc3 Nf6 4. Bg5 Be7 5. e3 Nbd7 6. Nf3 O-O 7. Bd3 c5 8. O-O
h6 9. Bxf6 Nxf6 10. dxc5 Bxc5 11. cxd5 Nxd5 12. Nxd5 Qxd5 13. Qc2 Bb6 14. Rfd1
Qc5 15. Qb3 Rd8 16. Rac1 Qe7 17. a4 Bd7 18. a5 Bxa5 19. Qxb7 Qb4 20. Qe4 Qxe4
21. Bxe4 Rab8 22. Nd4 Rxb2 23. Nc6 Bxc6 24. Rxd8+ Bxd8 25. Rxc6 f5 26. Bd3 Rb6
27. Rc8 Rd6 28. Bf1 Kf7 29. g3 Bb6 30. h3 g5 31. Bg2 f4 32. gxf4 gxf4 33. exf4
Rd2 34. Rh8 Rxf2 35. Rxh6 Rxf4+ 36. Kh2 e5 37. Kg3 Bf2+ 38. Kh2 Kg7 39. Re6 Bd4
40. Kg3 Bf2+ 41. Kh2 Bd4 42. Kg3 1/2-1/2

[Event "SF Bremer Osten-USV VB Halle"]
[Site "Greifswald"]
[Date "2013.09.13"]
[Round "4.1"]
[White "Altstadt, Karl-Simon"]
[Black "Marach, Jonas"]
[Result "1-0"]
[WhiteElo "1808"]
[BlackElo "1641"]
[PlyCount "49"]
[EventDate "2013.??.??"]
[WhiteTeam "USV VB Halle"]
[BlackTeam "SF Bremer Osten"]

1. e4 g6 2. d4 d6 3. Nc3 c6 4. Be3 Bg7 5. f3 Nf6 6. Qd2 O-O 7. g4 e5 8. Nge2 b5
9. h4 a5 10. h5 a4 11. a3 Qa5 12. Bh6 c5 13. Bxg7 Kxg7 14. hxg6 fxg6 15. Qh6+
Kg8 16. g5 Nh5 17. Ng3 Ra7 18. Nxh5 gxh5 19. g6 Qc7 20. Nxb5 Qg7 21. Bc4+ Kh8
22. Qxh5 Rd7 23. O-O-O cxd4 24. gxh7 Rf6 25. Rdg1 1-0

[Event "SF Bremer Osten-USV VB Halle"]
[Site "Greifswald"]
[Date "2013.09.13"]
[Round "4.2"]
[White "Cegielka, Michael"]
[Black "Niggl, Michael"]
[Result "1-0"]
[WhiteElo "1647"]
[BlackElo "1419"]
[PlyCount "67"]
[EventDate "2013.??.??"]
[WhiteTeam "SF Bremer Osten"]
[BlackTeam "USV VB Halle"]

1. e4 c5 2. Nf3 d6 3. d4 cxd4 4. Nxd4 Nf6 5. Nc3 a6 6. Be3 e6 7. Be2 Qc7 8. f4
b5 9. a3 Bb7 10. Bf3 Nbd7 11. O-O Be7 12. Qd2 O-O 13. g4 Nb6 14. g5 Nfd7 15. f5
Nc4 16. Qf2 Nxb2 17. fxe6 Qxc3 18. Nf5 Ne5 19. Nxe7+ Kh8 20. Bh5 Qc4 21. Qf5
Qxe4 22. Qxe4 Bxe4 23. exf7 Rab8 24. Bd4 Nbc4 25. Bxe5 Nxe5 26. Rad1 Nc4 27.
Rde1 Bxc2 28. Nc6 Rbc8 29. Re8 Rcxe8 30. fxe8=Q Rxe8 31. Bxe8 g6 32. Rf8+ Kg7
33. Rf7+ Kg8 34. Ne7+ 1-0

[Event "SF Bremer Osten-USV VB Halle"]
[Site "Greifswald"]
[Date "2013.09.13"]
[Round "4.3"]
[White "Geyer, Hannes"]
[Black "Genath, Daniel"]
[Result "0-1"]
[WhiteElo "1313"]
[BlackElo "1459"]
[PlyCount "88"]
[EventDate "2013.??.??"]
[WhiteTeam "USV VB Halle"]
[BlackTeam "SF Bremer Osten"]

1. e4 e6 2. d4 d5 3. exd5 exd5 4. Bd3 Bd6 5. Nc3 Nf6 6. Bg5 c6 7. Nf3 Bg4 8.
O-O O-O 9. Re1 Nbd7 10. h3 Bh5 11. Bf5 Qc7 12. Qd3 Bf4 13. Bxf4 Qxf4 14. Ne2
Qd6 15. Ng3 g6 16. Bxd7 Qxd7 17. Ne5 Qd6 18. Re3 Rfe8 19. Rae1 Re6 20. f4 Rae8
21. f5 R6e7 22. fxg6 Bxg6 23. Nxg6 hxg6 24. Rxe7 Rxe7 25. Rxe7 Qxe7 26. Qe2
Qxe2 27. Nxe2 Ne4 28. g3 f5 29. Kg2 Kf7 30. Kf3 Kf6 31. h4 g5 32. Ke3 Kg6 33.
hxg5 Kxg5 34. Kf3 Nd2+ 35. Kf2 Kg4 36. Kg2 Nc4 37. Nf4 Ne3+ 38. Kf2 Nxc2 39.
Ne6 b6 40. a3 f4 41. Nxf4 Nxd4 42. Ne2 Nxe2 43. Kxe2 Kxg3 44. Ke3 c5 0-1

[Event "SF Bremer Osten-USV VB Halle"]
[Site "Greifswald"]
[Date "2013.09.13"]
[Round "4.4"]
[White "Oleskow, Jan Christian"]
[Black "zur Nieden, Philipp"]
[Result "0-1"]
[WhiteElo "1385"]
[BlackElo "1278"]
[PlyCount "98"]
[EventDate "2013.??.??"]
[WhiteTeam "SF Bremer Osten"]
[BlackTeam "USV VB Halle"]

1. e4 c5 2. Nf3 d6 3. d4 cxd4 4. Nxd4 Nf6 5. Nc3 a6 6. Be3 e6 7. Bc4 Qc7 8. Qd3
Nbd7 9. Nde2 Ne5 10. Bb5+ axb5 11. Qxb5+ Bd7 12. Qb3 Bc6 13. f3 Be7 14. Bf4
Nfd7 15. a3 O-O 16. O-O Ng6 17. Rad1 Nf6 18. Bg3 Nh5 19. Bf2 Ngf4 20. Nxf4 Nxf4
21. Be3 Ng6 22. Bb6 Qd7 23. f4 f5 24. e5 d5 25. Rd2 Ra6 26. Be3 Rc8 27. g3 Ba4
28. Nxa4 Rxa4 29. Rc1 Bc5 30. Bxc5 Rxc5 31. c4 Ne7 32. Rcc2 Qc6 33. cxd5 exd5
34. Kf1 Rac4 35. Rxc4 Rxc4 36. Kg1 Qc5+ 37. Kh1 b5 38. Qd3 d4 39. Qf3 Nd5 40.
Qh5 Rc1+ 41. Rd1 Rxd1+ 42. Qxd1 Ne3 43. Qd2 d3 44. e6 Qc6+ 45. Kg1 Qc5 46. Kh1
Ng4 47. h3 Qc2 48. e7 Kf7 49. Qg2 Qxg2+ 0-1

[Event "Hagener SV-Greifswalder SV"]
[Site "Greifswald"]
[Date "2013.09.13"]
[Round "4.1"]
[White "Sbach, Lennart"]
[Black "Worpenberg, Lukas"]
[Result "0-1"]
[WhiteElo "1282"]
[BlackElo "1802"]
[PlyCount "66"]
[EventDate "2013.??.??"]
[WhiteTeam "Greifswalder SV"]
[BlackTeam "Hagener SV"]

1. e4 d5 2. Nc3 d4 3. Nce2 c5 4. d3 Nc6 5. Bd2 Nf6 6. f4 e6 7. Nf3 Be7 8. h3
Nh5 9. g3 b5 10. c3 dxc3 11. Bxc3 b4 12. Bd2 Qxd3 13. Bg2 Ba6 14. g4 Qxe2+ 15.
Qxe2 Bxe2 16. gxh5 Bxf3 17. Bxf3 Nd4 18. Bd1 O-O 19. Be3 Rfd8 20. O-O c4 21.
Rc1 Rac8 22. Bd2 Nf3+ 23. Bxf3 Rxd2 24. b3 c3 25. Ra1 Bc5+ 26. Kh1 Bd4 27. Rfd1
c2 28. Rxd2 Bxa1 29. Kh2 c1=Q 30. Rd7 Qxf4+ 31. Kg2 Rc2+ 32. Kf1 Qxf3+ 33. Ke1
Qe2# 0-1